Kolozsvár - a kultúra körei. Utolsó találkozásom Szervátiusz Jenővel
Elmentve itt :
| Szerző: | |
|---|---|
| Adatforrás: | Meister |
| Forrásdokumentuma: | Korunk. - 12 sz., 1999, 93-96 p. |
| Nyelv: | magyar |
| Kulcsszavak: | művészettörténet Budapest SZERVÁTIUSZ Jenő |
| LEADER | 00427nab a2200145 i 4500 | ||
|---|---|---|---|
| 001 | bibPRO00003758 | ||
| 008 | 060524s1999 xx hun | ||
| 040 | |a Sz1 | ||
| 041 | |a hun | ||
| 100 | 1 | |a CSETRI Elek | |
| 245 | 1 | 0 | |a Kolozsvár - a kultúra körei. Utolsó találkozásom Szervátiusz Jenővel |c CSETRI Elek |
| 695 | |a művészettörténet | ||
| 695 | |a Budapest | ||
| 695 | |a SZERVÁTIUSZ Jenő | ||
| 773 | 0 | |t Korunk. - |g 12 sz., 1999, 93-96 p. | |